Vincentii Lerinensis commonitorium

Saved in:  
Bibliographic Details
Subtitles:Commonitorium
Main Author: Vincentius, Lerinensis -450 (Author)
Contributors: Calixt, Georg 1586-1656 (Other)
Format: Print Book
Language:Latin
Subito Delivery Service: Order now.
Check availability: HBZ Gateway
WorldCat: WorldCat
Interlibrary Loan:Interlibrary Loan for the Fachinformationsdienste (Specialized Information Services in Germany)
Published: Helmestadtii 1655
In:Year: 1655
Edition:Ed. altera

MARC

LEADER 00000cam a22000002c 4500
001 1097105601
003 DE-627
005 20240429193037.0
007 tu
008 920128s1655 xx ||||| 00| ||lat c
035 |a (DE-627)1097105601 
035 |a (DE-576)027105601 
035 |a (DE-599)BSZ027105601 
035 |a (OCoLC)311459379 
040 |a DE-627  |b ger  |c DE-627  |e rakwb 
041 |a lat 
084 |a 1  |2 ssgn 
100 0 |0 (DE-588)118804685  |0 (DE-627)079579221  |0 (DE-576)16342120X  |4 aut  |a Vincentius  |c Lerinensis  |d -450 
109 |a Vincenzio Lirinense -450  |a Vincentius Abbas -450  |a Vincentius Monachus -450  |a Vincentius Peregrinus -450  |a Vincentius Mönch -450  |a Vincentius Presbyter -450  |a Vinzenz von Lérins -450  |a Vincentius Litinensis -450  |a Vincentius Sanctus -450  |a Vinzenz von Lerinum -450  |a Vincentius von Lérins -450  |a Vincenzo di Lérins -450  |a Vincentius of Lerins -450  |a Vincent of Lerins -450  |a Vincentius von Lerins -450  |a Vinzenz von Lerin -450  |a Vincentius Lirinensis -450  |a Vincentius von Lerinum -450  |a Vinzenz von Lerins -450  |a Vincentius Lirinensus -450  |a Vincenz von Lerinum -450  |a Vincenz von Lerin -450  |a Vicente de Lerins -450  |a Vinzens von Lerins -450  |a Vincentius Lerinensis -450  |a Vincente de Lerins -450  |a Vincent de Lérins -450  |a Vincentinus von Lérins -450  |a Vincenz von Lerins -450  |a Lerinum, Vincenz von -450 
245 1 0 |a Vincentii Lerinensis commonitorium  |c Georgius Calixtus rec. 
246 1 |i Ansetzungssachtitel  |a Commonitorium 
250 |a Ed. altera 
264 1 |a Helmestadtii  |c 1655 
336 |a Text  |b txt  |2 rdacontent 
337 |a ohne Hilfsmittel zu benutzen  |b n  |2 rdamedia 
338 |a Band  |b nc  |2 rdacarrier 
583 1 |a Archivierung/Langzeitarchivierung gewährleistet  |f SSG  |x XA-DE-BW  |2 pdager  |5 DE-21 
700 1 |0 (DE-588)118518437  |0 (DE-627)133384284  |0 (DE-576)160511089  |4 oth  |a Calixt, Georg  |d 1586-1656 
751 |a Helmstedt  |0 (DE-588)4024344-8  |0 (DE-627)106299069  |0 (DE-576)208954643  |4 pup 
935 |a mteo 
951 |a BO 
ELC |b 1 
ITA |a 1  |t 1 
LOK |0 000 xxxxxcx a22 zn 4500 
LOK |0 001 2179154631 
LOK |0 003 DE-627 
LOK |0 004 1097105601 
LOK |0 005 20130413101548 
LOK |0 008 920128||||||||||||||||ger||||||| 
LOK |0 040   |a DE-21  |c DE-627  |d DE-21 
LOK |0 852   |a DE-21 
LOK |0 852 1  |c Gb 63.4  |9 00 
LOK |0 935   |a abe2  |a theo 
LOK |0 939   |a 28-01-92  |b l01 
ORI |a SA-MARC-ixtheoa001.raw